Normal view
MARC view
Entry Geographic Name
001 - CONTROL NUMBER
- control field: 27842
003 - CONTROL NUMBER IDENTIFIER
- control field: OSt
005 - DATE AND TIME OF LATEST TRANSACTION
- control field: 20230712143843.0
008 - FIXED-LENGTH DATA ELEMENTS
- fixed length control field: 230712|| aca||aabn | a|a d
040 ## - CATALOGING SOURCE
- Original cataloging agency: OSt
- Transcribing agency: OSt
151 ## - HEADING--GEOGRAPHIC NAME
- Geographic name: ပထဝီဝင်ပညာ။
670 ## - SOURCE DATA FOUND
- Source citation: Work cat.: (OSt): ဘသောင်း၊ ဦး၊ ဘီအေ။ 27840, ရှုတိုင်းအောင်မြန်မာပြည်ပထဝီ /